000 00853nam a2200301 a 4500
003 AR-BaBNM
005 20251128203401.0
008 082120s2002 ||||||||||||||000 | spa||
040 _cAR-BaBNM
100 1 _aMaldonado, Silvio
245 0 0 _aEl Paraguay
_baspecto político.Recursos humanos.Recursos económicos.Hechos e ideas
250 _a1ª ed.
260 _aMéxico, D.F.
_bFondo de Cultura Económica
_c1952
300 _a169 p.
_bmapas, láms., il., tablas
490 0 _aTierra firme
_vv. 52
504 _aBibliografía p. 167
650 4 _aHISTORIA POLITICA
650 4 _aHISTORIA ECONOMICA
650 4 _aHISTORIA SOCIAL
650 4 _aMISIONES JESUITICAS
650 4 _aHISTORIA LATINOAMERICANA
650 4 _aECONOMIA
650 4 _aGANADERIA
650 4 _aAGRICULTURA
651 4 _aParaguay
942 _cBK
998 _cmariana
999 _c3143
_d3143